Claude Monet, 1840-1926
Αποθηκεύτηκε σε:
| Κύριος συγγραφέας: | |
|---|---|
| Μορφή: | Βιβλίο |
| Γλώσσα: | English German |
| Δημοσίευση: |
Köln :
Benedikt Taschen,
c1994.
|
| Θέματα: | |
| Ετικέτες: |
Προσθήκη ετικέτας
Δεν υπάρχουν, Καταχωρήστε ετικέτα πρώτοι!
|
MARC
| LEADER | 00000cam a2200000 i 4500 | ||
|---|---|---|---|
| 001 | 1/4401 | ||
| 008 | 100210s1994 gw | ||| |||| ||eng|| | ||
| 020 | |a 382289317X | ||
| 035 | |l 10106756 | ||
| 040 | |a GR-MyUa |b gre |e AACR2 | ||
| 041 | 1 | |a eng |h ger | |
| 082 | 7 | |a 759.4 |2 (22) | |
| 100 | 1 | |a Heinrich, Christoph. | |
| 245 | 1 | 0 | |a Claude Monet, 1840-1926 / |c Christoph Heinrich ; [English translation, Michael Hulse]. |
| 246 | 1 | |i Τίτλος εξωφύλλου: |a Monet | |
| 260 | |a Köln : |b Benedikt Taschen, |c c1994. | ||
| 300 | |a 96 σ. : |b εγχρ. εικ. ; |c 30 εκ. | ||
| 500 | |a "Taschen 36"--Στη ράχη. | ||
| 600 | 1 | 0 | |a Monet, Claude, |d 1840-1926. |
| 650 | 0 | 0 | |a Painters |z France |x Biography. |
| 650 | 0 | 0 | |a Impressionism (Art) |z France. |
| 767 | 0 | 8 | |i Μεταφρασμένο ως: |t Κλωντ Μονέ, 1840-1926 / |
| 852 | |a INST |b SAMOS |e 20100210 |h 759.4 HEI |p 005300030652 |q 005300030652 |t BK |y 0 | ||
| 901 | |a BIBL3-2010-1 | ||
| 970 | |a ΡΟΥΣΣΟΥ |b ΚΩΝΣΤΑΝΤΙΝΑ |z 2010/02/10 | ||